[Event "GBR-ch 99th"]
[Site "North Shields"]
[Date "2012.07.23"]
[Round "1"]
[White "Bhatia, Kanwal K"]
[Black "Elwin, Adrian G"]
[Result "1/2-1/2"]
[WhiteElo "2103"]
[BlackElo "1985"]
[PlyCount "238"]
[EventDate "2012.07.23"]
[EventType "swiss"]
[EventRounds "11"]
[EventCountry "ENG"]
[Source "John Saunders"]
[SourceDate "2015.07.24"]

1. e4 c6 2. d4 d5 3. exd5 cxd5 4. c4 Nf6 5. Nc3 e6 6. Nf3 dxc4 7. Bxc4 Nc6 8.
O-O Be7 9. Qe2 O-O 10. Rd1 Nd5 11. Ne4 b6 12. a3 h6 13. Ne5 Bb7 14. Qg4 Bf6 15.
Bxd5 exd5 16. Nxf6+ Qxf6 17. Nd7 Qe6 18. Qxe6 fxe6 19. Nxf8 Rxf8 20. b3 Na5 21.
Rd3 Rc8 22. Bf4 g5 23. Bd2 Nc6 24. Rc1 Re8 25. h4 Ba6 26. Re3 Nxd4 27. hxg5
hxg5 28. Rc7 Nb5 29. Rc1 Nd4 30. Rce1 Kf7 31. Re5 g4 32. R1e3 Rc8 33. a4 Rc2
34. Bb4 Rc1+ 35. Kh2 Rc8 36. Rc3 Rh8+ 37. Kg3 Kf6 38. Re1 Ne2+ 39. Kxg4 Rg8+
40. Kf3 Nxc3 41. Bxc3+ Kf7 42. Re3 d4 43. Bxd4 Bb7+ 44. Kf4 Bxg2 45. Rc3 Re8
46. Rg3 Rg8 47. Rc3 Re8 48. f3 Bh3 49. Ke5 Bf5 50. b4 Re7 51. Kd6 Ke8 52. Rc8+
Kf7 53. Rc6 Rb7 54. Be5 Re7 55. Bg3 e5 56. Rc3 e4 57. Re3 Re6+ 58. Kc7 exf3 59.
Rxf3 Kg6 60. Rc3 Re7+ 61. Kb8 Re4 62. Rc6+ Re6 63. b5 Kf7 64. Kxa7 Re4 65. Kxb6
Rxa4 66. Kc7 Be4 67. Rd6 Ra7+ 68. Kb6 Ra3 69. Rd4 Bd3 70. Bd6 Rb3 71. Bb4 Ke6
72. Kc5 Bxb5 73. Kxb5 Rb1 74. Kc4 Ke5 75. Bc3 Ke6 76. Rf4 Rc1 77. Rf6+ Ke7 78.
Ra6 Kd7 79. Kd4 Rd1+ 80. Ke4 Rd6 81. Ra7+ Ke6 82. Bb4 Rb6 83. Bc5 Rc6 84. Bd4
Kd6 85. Rh7 Ke6 86. Rh5 Kd6 87. Rd5+ Ke6 88. Bc5 Kf6 89. Kf4 Ra6 90. Rf5+ Ke6
91. Re5+ Kd7 92. Rh5 Kc6 93. Bd4 Ra2 94. Rc5+ Kd6 95. Ke4 Re2+ 96. Kd3 Rg2 97.
Ra5 Ke6 98. Ra6+ Kd5 99. Ra5+ Ke6 100. Ke3 Rg1 101. Kf3 Rd1 102. Re5+ Kd6 103.
Bb2 Rd2 104. Rb5 Kc6 105. Rb3 Kd5 106. Ke3 Rh2 107. Rd3+ Kc4 108. Rd4+ Kb3 109.
Bc1 Kc2 110. Rc4+ Kb3 111. Rc7 Rc2 112. Rb7+ Kc4 113. Ke4 Rh2 114. Rc7+ Kb5
115. Be3 Rh4+ 116. Kd3 Rh3 117. Rc5+ Kb4 118. Rc4+ Kb5 119. Rc5+ Kb4 1/2-1/2

[Event "GBR-ch 99th"]
[Site "North Shields"]
[Date "2012.07.23"]
[Round "1"]
[White "Brown, Martin"]
[Black "Arkell, Keith C"]
[Result "0-1"]
[WhiteElo "2224"]
[BlackElo "2441"]
[PlyCount "134"]
[EventDate "2012.07.23"]
[EventType "swiss"]
[EventRounds "11"]
[EventCountry "ENG"]
[Source "John Saunders"]
[SourceDate "2015.07.24"]

1. e4 c6 2. d4 g6 3. Nc3 d5 4. Nf3 Bg4 5. Be2 Bg7 6. Be3 dxe4 7. Nxe4 Nh6 8. c3
Nf5 9. Bf4 Nd7 10. O-O O-O 11. Re1 Nf6 12. Nxf6+ Bxf6 13. h3 Bxf3 14. Bxf3 e6
15. Be5 Bxe5 16. Rxe5 Qf6 17. g3 Rfd8 18. Qe2 Rd6 19. Kg2 Rad8 20. Re1 R8d7 21.
Qc4 h5 22. h4 Qg7 23. Qe2 b6 24. a4 Qf8 25. Qc4 Rd8 26. b4 Rc8 27. Qe2 Qd8 28.
Rd1 Rc7 29. Qe1 Rcd7 30. Ra1 Ne7 31. Rc1 Nd5 32. Ra1 Rc7 33. Rc1 Nf6 34. Rd1
Kg7 35. Qe2 Nd7 36. Re3 Qf6 37. Rc1 Qd8 38. Qa2 Nf6 39. Re5 Qc8 40. Qe2 Rd8 41.
Qb2 Qd7 42. b5 cxb5 43. axb5 Qd6 44. Re2 Rdc8 45. Qa1 Nd5 46. Rec2 Kg8 47. c4
Ne7 48. c5 bxc5 49. dxc5 Rxc5 50. Qa3 Rxc2 51. Qxd6 Nf5 52. Qd7 Rxc1 53. Qxa7
Rb1 54. b6 Rc4 55. b7 Rcb4 56. Qc5 R1b3 57. Bc6 Nh6 58. Kf1 Rb2 59. Ke1 Ng4 60.
f3 Nf6 61. Qe5 Nd5 62. g4 hxg4 63. fxg4 Rb1+ 64. Kf2 R4b2+ 65. Kg3 Rb3+ 66. Kf2
R1b2+ 67. Ke1 Re3+ 0-1

[Event "GBR-ch 99th"]
[Site "North Shields"]
[Date "2012.07.23"]
[Round "1"]
[White "Burke, Mitchell R"]
[Black "Ledger, Stephen"]
[Result "0-1"]
[WhiteElo "1917"]
[BlackElo "2089"]
[PlyCount "92"]
[EventDate "2012.07.23"]
[EventType "swiss"]
[EventRounds "11"]
[EventCountry "ENG"]
[Source "John Saunders"]
[SourceDate "2015.07.24"]

1. e4 c5 2. Nc3 Nc6 3. f4 g6 4. Nf3 Bg7 5. Bb5 Nd4 6. O-O Nxb5 7. Nxb5 d5 8. e5
d4 9. c3 Bd7 10. Na3 dxc3 11. dxc3 Nh6 12. Qe2 O-O 13. Be3 Qc7 14. b4 cxb4 15.
cxb4 Qc3 16. Nc2 Nf5 17. Bf2 Rfc8 18. Ncd4 b6 19. Rab1 Qc4 20. Qd2 Nxd4 21.
Nxd4 Qd5 22. Rfd1 Ba4 23. Rdc1 g5 24. Qe2 Bd7 25. Rd1 Qc4 26. Qe3 gxf4 27. Qxf4
Be6 28. Qg3 Qxa2 29. Be3 Kh8 30. Bg5 Rg8 31. Bxe7 Rae8 32. Bh4 Qc4 33. Nf3 Bf5
34. Rbc1 Qxb4 35. Ng5 Bg6 36. Qh3 Rxe5 37. Be1 Qe7 38. Nf3 Rc5 39. Bb4 Rxc1 40.
Bxe7 Rxd1+ 41. Kf2 Re8 42. Qh4 Rc1 43. Nd4 Rxe7 44. Qxe7 Bxd4+ 45. Ke2 Rc2+ 46.
Kd1 Kg7 0-1

[Event "GBR-ch 99th"]
[Site "North Shields"]
[Date "2012.07.23"]
[Round "1"]
[White "Burnett, Jim"]
[Black "Rudd, Jack"]
[Result "1-0"]
[WhiteElo "2174"]
[BlackElo "2295"]
[PlyCount "87"]
[EventDate "2012.07.23"]
[EventType "swiss"]
[EventRounds "11"]
[EventCountry "ENG"]
[Source "John Saunders"]
[SourceDate "2015.07.24"]

1. d4 Nf6 2. c4 c5 3. Nf3 cxd4 4. Nxd4 e5 5. Nb5 d5 6. cxd5 a6 7. N5c3 Bc5 8.
e3 O-O 9. Be2 e4 10. a3 Qe7 11. b4 Bd6 12. Bb2 Bf5 13. Nd2 b5 14. Nb3 Nbd7 15.
Nd4 Bg6 16. Nc6 Qe8 17. a4 bxa4 18. Nxa4 Ne5 19. Bxe5 Bxe5 20. Rc1 Bd6 21. Nb6
Rb8 22. Qd4 Bf5 23. Bxa6 Ng4 24. Be2 Ne5 25. b5 Rb7 26. Nc4 Nxc4 27. Bxc4 Bd7
28. O-O f5 29. f4 exf3 30. gxf3 Qg6+ 31. Kh1 Re8 32. Rg1 Qh6 33. Rxg7+ Qxg7 34.
Rg1 Bc8 35. Rxg7+ Rxg7 36. Bf1 Kf7 37. e4 fxe4 38. fxe4 Rg5 39. Qf2+ Kg8 40.
Bg2 Rf8 41. Qe1 Bc5 42. Qc1 Rxg2 43. Kxg2 Bb6 44. Ne7+ 1-0

[Event "GBR-ch 99th"]
[Site "North Shields"]
[Date "2012.07.23"]
[Round "1"]
[White "Chapman, Terry PD"]
[Black "Shaw, Peter"]
[Result "1-0"]
[WhiteElo "2290"]
[BlackElo "2168"]
[PlyCount "55"]
[EventDate "2012.07.23"]
[EventType "swiss"]
[EventRounds "11"]
[EventCountry "ENG"]
[Source "John Saunders"]
[SourceDate "2015.07.24"]

1. Nf3 d6 2. d4 Bg4 3. e4 Nf6 4. h3 Bh5 5. Nc3 e6 6. Qe2 c6 7. g4 Bg6 8. h4 h5
9. g5 Nfd7 10. d5 cxd5 11. exd5 e5 12. Be3 Na6 13. O-O-O Bf5 14. Kb1 Be7 15.
Nd2 Nac5 16. Bg2 Rc8 17. Nde4 Nxe4 18. Bxe4 Bxe4 19. Nxe4 Qc7 20. Rd3 a6 21.
Rc3 Qb8 22. Rxc8+ Qxc8 23. f4 f5 24. gxf6 Nxf6 25. Qd3 Nxe4 26. Qxe4 exf4 27.
Qg6+ Kd7 28. Qe6+ 1-0

[Event "GBR-ch 99th"]
[Site "North Shields"]
[Date "2012.07.23"]
[Round "1"]
[White "Conquest, Stuart"]
[Black "Osborne, Marcus E"]
[Result "1/2-1/2"]
[WhiteElo "2501"]
[BlackElo "2245"]
[PlyCount "64"]
[EventDate "2012.07.23"]
[EventType "swiss"]
[EventRounds "11"]
[EventCountry "ENG"]
[Source "John Saunders"]
[SourceDate "2015.07.24"]

1. e4 e6 2. f4 d5 3. e5 c5 4. Nf3 Nc6 5. c3 d4 6. Bd3 Nge7 7. Be4 Nd5 8. d3 f5
9. exf6 Qxf6 10. f5 dxc3 11. bxc3 Bd6 12. O-O O-O 13. fxe6 Nf4 14. Bxf4 Bxf4
15. Nbd2 Bxe6 16. Rb1 Qh6 17. Re1 Ne5 18. Nf1 Bg4 19. Qb3+ c4 20. Qxb7 Nxf3+
21. Bxf3 Bxf3 22. gxf3 Qg6+ 23. Kf2 cxd3 24. Qd5+ Kh8 25. Re6 Qf5 26. Qxf5 Rxf5
27. Rb4 Be5 28. Rc4 Raf8 29. Nd2 Bf4 30. Nb3 Be5 31. Nd2 Bf4 32. Nb3 Be5
1/2-1/2

[Event "GBR-ch 99th"]
[Site "North Shields"]
[Date "2012.07.23"]
[Round "1"]
[White "Foo, William"]
[Black "Weller, Jean Luc"]
[Result "1/2-1/2"]
[WhiteElo "2009"]
[BlackElo "2115"]
[PlyCount "168"]
[EventDate "2012.07.23"]
[EventType "swiss"]
[EventRounds "11"]
[EventCountry "ENG"]
[Source "John Saunders"]
[SourceDate "2015.07.24"]

1. e4 e6 2. d4 d5 3. Nc3 Nf6 4. Bg5 Bb4 5. e5 h6 6. Bd2 Bxc3 7. bxc3 Ne4 8. Qg4
Kf8 9. Qf4 c5 10. Bd3 Nxd2 11. Qxd2 Nc6 12. Nf3 Qa5 13. g4 Bd7 14. Rb1 b6 15.
g5 cxd4 16. Qf4 Qxc3+ 17. Kf1 Qc5 18. Rg1 Qe7 19. Nh4 Nxe5 20. Qxe5 hxg5 21.
Nf3 f6 22. Qxd4 Rd8 23. Qg4 e5 24. Bf5 e4 25. Nd4 Rh4 26. Qg3 Rf4 27. Bxd7 Qxd7
28. Rb3 Re8 29. Rc3 e3 30. Nf3 e2+ 31. Ke1 d4 32. Rb3 Qf5 33. Kd2 Qa5+ 34. Kc1
e1=Q+ 35. Nxe1 Rxe1+ 36. Kb2 Rxg1 37. Qxg1 Qf5 38. f3 Rxf3 39. Rxf3 Qxf3 40.
Qxd4 Qc6 41. Qd3 Kf7 42. c4 Qe6 43. h3 f5 44. Qa3 a5 45. Qb3 f4 46. Qd3 Qf6+
47. Kb3 f3 48. Qd7+ Kg6 49. Qe8+ Qf7 50. Qe4+ Kh6 51. h4 f2 52. hxg5+ Kxg5 53.
Qg2+ Kh6 54. Qh2+ Kg6 55. Qg3+ Kh7 56. Qh4+ Kg6 57. Qg3+ Kh6 58. Qh4+ Qh5 59.
Qxf2 Qh3+ 60. Kb2 Qe6 61. Qh4+ Kg6 62. Qg3+ Kf7 63. Qc7+ Kg6 64. Qg3+ Kh7 65.
Qh4+ Qh6 66. Qe4+ g6 67. Kb3 Qh3+ 68. Ka4 Qd7+ 69. Kb3 Qd1+ 70. Kb2 Qd6 71.
Qh1+ Kg7 72. Qb7+ Kf6 73. Qf3+ Kg5 74. Qg2+ Kf5 75. Qf3+ Qf4 76. Qd3+ Kg5 77.
Qd5+ Qf5 78. Qd2+ Qf4 79. Qd5+ Kf6 80. Qd8+ Kf5 81. Qxb6 Qd2+ 82. Kb3 Qd3+ 83.
Kb2 Qe2+ 84. Ka3 Qd3+ 1/2-1/2

[Event "GBR-ch 99th"]
[Site "North Shields"]
[Date "2012.07.23"]
[Round "1"]
[White "Grattage, Matthew"]
[Black "Waters, Clive L"]
[Result "1-0"]
[WhiteElo "1986"]
[BlackElo "2106"]
[PlyCount "109"]
[EventDate "2012.07.23"]
[EventType "swiss"]
[EventRounds "11"]
[EventCountry "ENG"]
[Source "John Saunders"]
[SourceDate "2015.07.24"]

1. c4 e6 2. Nf3 d5 3. cxd5 exd5 4. d4 Nf6 5. Nc3 Be7 6. Qc2 O-O 7. Bg5 Nbd7 8.
e3 Re8 9. Bd3 c6 10. O-O Nf8 11. Bxf6 Bxf6 12. b4 Bg4 13. Nd2 Rc8 14. Nb3 Be7
15. a3 Bd6 16. Bf5 Bxf5 17. Qxf5 Re6 18. g3 Rf6 19. Qh3 Ne6 20. f4 Bc7 21. Rac1
Nf8 22. Nc5 b6 23. Nd3 Rh6 24. Qg2 a6 25. a4 b5 26. a5 Bd6 27. Nb1 Qe7 28. Qd2
Re8 29. Rfe1 Nd7 30. Re2 Nf6 31. Rxc6 Ne4 32. Qc1 Qd7 33. Rcc2 Qh3 34. Rg2 Qe6
35. Nd2 Nf6 36. Nf1 Ne4 37. Rc6 Qd7 38. Rgc2 Qf5 39. Qd1 Rg6 40. Rxa6 h5 41.
Nc5 h4 42. Nxe4 Qxe4 43. Rcc6 hxg3 44. hxg3 Rh6 45. Kf2 Rh1 46. Rxd6 Rxf1+ 47.
Qxf1 Qxe3+ 48. Kg2 Qd2+ 49. Kh3 Re2 50. Rxd5 g6 51. Qh1 Kg7 52. Rc6 Re8 53. Qf3
Rh8+ 54. Kg4 f5+ 55. Kg5 1-0

[Event "GBR-ch 99th"]
[Site "North Shields"]
[Date "2012.07.23"]
[Round "1"]
[White "Hall, David E"]
[Black "Tambini, Jasper"]
[Result "1-0"]
[WhiteElo "2103"]
[BlackElo "1958"]
[PlyCount "77"]
[EventDate "2012.07.23"]
[EventType "swiss"]
[EventRounds "11"]
[EventCountry "ENG"]
[Source "John Saunders"]
[SourceDate "2015.07.24"]

1. d4 d5 2. Bf4 Nf6 3. e3 c5 4. c3 Nc6 5. Nd2 g6 6. Be2 Bg7 7. h3 O-O 8. Ngf3
Nd7 9. O-O e5 10. dxe5 Ndxe5 11. Nxe5 Nxe5 12. Nf3 Nc6 13. Qb3 b6 14. Rad1 Na5
15. Qxd5 Qxd5 16. Rxd5 Be6 17. Rd2 Bxa2 18. b4 Be6 19. bxa5 Bxc3 20. Rd6 Bxa5
21. Rc1 Bb4 22. Be5 Bb3 23. Ba6 Rfd8 24. Rc6 Rd7 25. Bc8 Rd3 26. Bf6 Bd5 27.
Rc7 Bxf3 28. gxf3 Rd6 29. Be5 Rd2 30. Ba6 Ba3 31. Rb1 Re8 32. f4 Rdd8 33. Bc4
Rf8 34. Rxa7 Bb4 35. Rba1 Rd2 36. Rc1 h5 37. Rb7 Ba5 38. e4 Kh7 39. Bxf7 1-0

[Event "GBR-ch 99th"]
[Site "North Shields"]
[Date "2012.07.23"]
[Round "1"]
[White "Hanley, Craig"]
[Black "Shaw, Robert"]
[Result "1-0"]
[WhiteElo "2419"]
[BlackElo "2220"]
[PlyCount "89"]
[EventDate "2012.07.23"]
[EventType "swiss"]
[EventRounds "11"]
[EventCountry "ENG"]
[Source "John Saunders"]
[SourceDate "2015.07.24"]

1. d4 Nf6 2. c4 g6 3. g3 Bg7 4. Bg2 O-O 5. Nc3 d6 6. Nf3 Nbd7 7. O-O e5 8. e4
Re8 9. h3 a6 10. Be3 Rb8 11. d5 Nc5 12. Ne1 a5 13. a3 c6 14. b4 axb4 15. axb4
Na6 16. b5 cxb5 17. Nxb5 Nc5 18. Bxc5 dxc5 19. Nd3 Bf8 20. f4 Nd7 21. Qf3 f5
22. Rae1 Nf6 23. fxe5 Nxe4 24. e6 Bxe6 25. dxe6 Nd2 26. Qd5 Qe7 27. Rf2 Rbd8
28. Rxd2 Rxd5 29. cxd5 c4 30. d6 Qg5 31. d7 Ra8 32. Nf4 Qxg3 33. Rde2 Bc5+ 34.
Kh1 Be7 35. Nd5 Kf8 36. Nxe7 Kxe7 37. Re3 Qf2 38. Nc3 f4 39. R3e2 Qg3 40. Nd5+
Kd6 41. Nf6 Ke7 42. Nd5+ Kd6 43. Nb6 f3 44. e7 fxg2+ 45. Kg1 1-0

[Event "GBR-ch 99th"]
[Site "North Shields"]
[Date "2012.07.23"]
[Round "1"]
[White "Hanley, James L"]
[Black "Hawkins, Jonathan"]
[Result "0-1"]
[WhiteElo "2244"]
[BlackElo "2499"]
[PlyCount "68"]
[EventDate "2012.07.23"]
[EventType "swiss"]
[EventRounds "11"]
[EventCountry "ENG"]
[Source "John Saunders"]
[SourceDate "2015.07.24"]

1. e4 e5 2. Nf3 Nc6 3. Bb5 a6 4. Ba4 Nf6 5. O-O Be7 6. Re1 b5 7. Bb3 O-O 8. a4
b4 9. d3 d6 10. Nbd2 Na5 11. Ba2 c5 12. h3 Rb8 13. Nc4 Nc6 14. Ne3 Be6 15. Bc4
Qc8 16. Ng5 Bd7 17. Nf3 Na5 18. Nd5 Nxd5 19. Bxd5 Be6 20. Ng5 Bxd5 21. exd5 h6
22. Ne4 f5 23. Nd2 c4 24. dxc4 Nxc4 25. Nxc4 Qxc4 26. b3 Qc3 27. Bd2 Qd4 28.
Be3 Qxd1 29. Rexd1 Rfc8 30. Rac1 Rb7 31. f3 Rbc7 32. Rd2 Rc3 33. Re2 Bg5 34. f4
Rxe3 0-1

[Event "GBR-ch 99th"]
[Site "North Shields"]
[Date "2012.07.23"]
[Round "1"]
[White "Harvey, Marcus Ross"]
[Black "Maroroa, Sue Yuchan"]
[Result "1-0"]
[WhiteElo "2134"]
[BlackElo "2035"]
[PlyCount "105"]
[EventDate "2012.07.23"]
[EventType "swiss"]
[EventRounds "11"]
[EventCountry "ENG"]
[Source "John Saunders"]
[SourceDate "2015.07.24"]

1. g3 d5 2. Bg2 g6 3. Nf3 Bg7 4. O-O Bg4 5. c4 c6 6. cxd5 cxd5 7. Nc3 Bxf3 8.
Bxf3 e6 9. Qb3 Qd7 10. d3 Ne7 11. Na4 b6 12. Bd2 Nbc6 13. e3 O-O 14. Rac1 Rac8
15. Qa3 Rfd8 16. b4 Nf5 17. Be2 Nd6 18. Qb3 Rc7 19. Rc2 Rdc8 20. Rfc1 Nb5 21.
d4 Nd6 22. Ba6 Nb7 23. Nb2 Nb8 24. Bd3 Rxc2 25. Rxc2 Rxc2 26. Qxc2 Qc6 27. b5
Qxc2 28. Bxc2 Nd6 29. Bd3 Kf8 30. Bb4 Ke7 31. a4 Nd7 32. f4 Bf8 33. Be2 Ke8 34.
Nd3 Ne4 35. Bd1 Nd6 36. g4 Nc4 37. Bxf8 Kxf8 38. Kf2 Ke7 39. Nb4 Nb8 40. g5 Kd6
41. Bc2 Kc7 42. h4 Kd6 43. Ke2 Kc7 44. h5 Kd6 45. h6 Kc7 46. f5 exf5 47. Nxd5+
Kd6 48. Nf6 Ke7 49. Nxh7 Nd7 50. Bb3 Nd6 51. Bd5 Ne4 52. Bxe4 fxe4 53. Nf6 1-0

[Event "GBR-ch 99th"]
[Site "North Shields"]
[Date "2012.07.23"]
[Round "1"]
[White "Hoare, Amy B"]
[Black "Batchelor, Peter"]
[Result "0-1"]
[WhiteElo "1958"]
[BlackElo "2103"]
[PlyCount "80"]
[EventDate "2012.07.23"]
[EventType "swiss"]
[EventRounds "11"]
[EventCountry "ENG"]
[Source "John Saunders"]
[SourceDate "2015.07.24"]

1. e4 c6 2. c4 d5 3. cxd5 cxd5 4. exd5 Nf6 5. Nc3 Nxd5 6. Nf3 Nc6 7. Bb5 e6 8.
O-O Be7 9. d4 O-O 10. Re1 Qd6 11. a3 Rd8 12. Ne4 Qc7 13. Bxc6 Qxc6 14. Ne5 Qe8
15. Qb3 b6 16. Bd2 Bb7 17. Qh3 Rac8 18. Nf3 Nf6 19. Neg5 h6 20. Nxf7 Kxf7 21.
Ne5+ Kf8 22. Bxh6 Qh5 23. Bxg7+ Kxg7 24. Qxe6 Bd6 25. Re3 Bxe5 26. Qe7+ Qf7 27.
Rxe5 Rd5 28. Rae1 Rxe5 29. Qxe5 Re8 30. Qg3+ Qg6 31. Qc7+ Kg8 32. Qc4+ Bd5 33.
Rxe8+ Qxe8 34. Qc1 Qe7 35. h4 Kf7 36. Qf4 Qe4 37. Qg5 Qg6 38. f4 Qxg5 39. hxg5
Ne4 40. g3 Kg6 0-1

[Event "GBR-ch 99th"]
[Site "North Shields"]
[Date "2012.07.23"]
[Round "1"]
[White "Holland, James P"]
[Black "Houska, Jovanka"]
[Result "1-0"]
[WhiteElo "2200"]
[BlackElo "2406"]
[PlyCount "83"]
[EventDate "2012.07.23"]
[EventType "swiss"]
[EventRounds "11"]
[EventCountry "ENG"]
[Source "John Saunders"]
[SourceDate "2015.07.24"]

1. d4 d5 2. c4 c6 3. Nf3 Nf6 4. Nc3 e6 5. Bg5 Be7 6. e3 h6 7. Bh4 O-O 8. Bd3
dxc4 9. Bxc4 Nbd7 10. O-O b5 11. Bd3 Bb7 12. a3 a5 13. Rc1 Re8 14. Bxf6 Nxf6
15. Ne4 Qb6 16. Ne5 Red8 17. Qc2 b4 18. Nc5 Bxc5 19. Qxc5 Qxc5 20. Rxc5 Rd5 21.
Rfc1 Rad8 22. f4 g5 23. g3 Kg7 24. Kf2 Rxc5 25. Rxc5 Rd5 26. Rc1 Rd6 27. axb4
axb4 28. Ra1 Nd7 29. Nc4 Rd5 30. Ra7 Bc8 31. Be4 Nf6 32. Bxd5 exd5 33. Ne5 Ne4+
34. Ke1 Nd6 35. Nxc6 b3 36. Ra3 Bd7 37. Ne5 Nc4 38. Nxc4 dxc4 39. Kd2 gxf4 40.
gxf4 Kg6 41. Ra5 f5 42. Kc3 1-0

[Event "GBR-ch 99th"]
[Site "North Shields"]
[Date "2012.07.23"]
[Round "1"]
[White "Howell, David"]
[Black "Adair, James"]
[Result "1/2-1/2"]
[WhiteElo "2620"]
[BlackElo "2262"]
[PlyCount "185"]
[EventDate "2012.07.23"]
[EventType "swiss"]
[EventRounds "11"]
[EventCountry "ENG"]
[Source "John Saunders"]
[SourceDate "2015.07.24"]

1. c4 e5 2. Nc3 Nf6 3. Nf3 Nc6 4. a3 g6 5. g3 Bg7 6. Bg2 O-O 7. O-O d5 8. cxd5
Nxd5 9. Nxd5 Qxd5 10. d3 Qd6 11. Qc2 Re8 12. Be3 Nd4 13. Bxd4 exd4 14. Rfe1 c6
15. Ng5 Qe7 16. Ne4 Be6 17. Nc5 Bd5 18. Bxd5 cxd5 19. Nb3 Rac8 20. Qd2 Rc6 21.
Rac1 Rb6 22. Na5 Qd7 23. Rc2 Qf5 24. b4 h5 25. Qf4 Qxf4 26. gxf4 Re7 27. Rc5
Rd6 28. Kg2 Kh7 29. Nb3 b6 30. Rc2 Rf6 31. Nxd4 Rxf4 32. Nc6 Rc7 33. e3 Rf6 34.
Rec1 Rd6 35. b5 f5 36. Nb4 Rxc2 37. Rxc2 Rd7 38. a4 d4 39. e4 fxe4 40. dxe4 d3
41. Rd2 Rd4 42. Nc6 Rxe4 43. a5 bxa5 44. Rxd3 Re6 45. Rd8 Re2 46. Nxa5 Re5 47.
Rd7 Rxb5 48. Rxa7 Rf5 49. Nc4 Kh6 50. Rd7 Bf8 51. Nd2 Re5 52. Kf3 Re7 53. Rd8
Rf7+ 54. Kg2 Kg5 55. Nf3+ Kf6 56. Ra8 Bd6 57. Ra6 Rd7 58. h3 Kg7 59. Nh4 Kf6
60. Nf3 Kg7 61. Nh4 Kf6 62. f4 g5 63. fxg5+ Kxg5 64. Nf3+ Kf6 65. Kf2 Kg7 66.
Ra5 Kh6 67. Nh4 Rf7+ 68. Ke3 Be7 69. Nf5+ Kg6 70. Ke4 Bf6 71. Ra2 Rd7 72. Rg2+
Kf7 73. Ne3 Ke6 74. Ra2 Rd4+ 75. Kf3 Bg5 76. Nf1 Rd3+ 77. Kg2 Bf4 78. Ra5 Be5
79. Ra8 Kf5 80. Rf8+ Kg6 81. Rf2 Kg5 82. Nd2 Rg3+ 83. Kf1 Kg6 84. h4 Rg4 85.
Nf3 Bf6 86. Rh2 Kf5 87. Rf2 Kg6 88. Rh2 Kf5 89. Rh3 Kf4 90. Nh2 Rxh4 91. Kg2
Rxh3 92. Kxh3 Bg5 93. Nf3 1/2-1/2

[Event "GBR-ch 99th"]
[Site "North Shields"]
[Date "2012.07.23"]
[Round "1"]
[White "Jackson, James P"]
[Black "Lenier, Jude"]
[Result "1-0"]
[WhiteElo "2126"]
[BlackElo "2016"]
[PlyCount "53"]
[EventDate "2012.07.23"]
[EventType "swiss"]
[EventRounds "11"]
[EventCountry "ENG"]
[Source "John Saunders"]
[SourceDate "2015.07.24"]

1. e4 e5 2. Nf3 Nc6 3. Bb5 a6 4. Ba4 Nf6 5. O-O Be7 6. Re1 b5 7. Bb3 O-O 8. h3
Bb7 9. d3 d5 10. exd5 Nxd5 11. Nxe5 Nd4 12. c3 Nxb3 13. axb3 c5 14. Nd2 f6 15.
Nef3 f5 16. d4 Qc7 17. c4 Nb4 18. d5 Bd6 19. Ng5 Bh2+ 20. Kf1 Nd3 21. Ne6 Qd6
22. Re3 Rf6 23. Nf3 Nxf2 24. Kxf2 Qg3+ 25. Kf1 f4 26. Re4 Re8 27. Nxc5 1-0

[Event "GBR-ch 99th"]
[Site "North Shields"]
[Date "2012.07.23"]
[Round "1"]
[White "Jain, Radha"]
[Black "Combie, Alexander"]
[Result "0-1"]
[WhiteElo "1868"]
[BlackElo "2039"]
[PlyCount "120"]
[EventDate "2012.07.23"]
[EventType "swiss"]
[EventRounds "11"]
[EventCountry "ENG"]
[Source "John Saunders"]
[SourceDate "2015.07.24"]

1. d4 Nf6 2. Nf3 g6 3. c4 Bg7 4. g3 O-O 5. Bg2 d6 6. O-O Nc6 7. Nc3 a6 8. b3
Rb8 9. Nd5 Nh5 10. Bb2 b5 11. Qc2 bxc4 12. Qxc4 Bb7 13. e4 e6 14. Ne3 Na5 15.
Qc2 c5 16. dxc5 Bxb2 17. Qxb2 Bxe4 18. cxd6 Qxd6 19. Rfd1 Qb6 20. Ne5 Bxg2 21.
Nd7 Qb7 22. Nxg2 Nc4 23. Qe2 Nb6 24. Nxf8 Rxf8 25. Rd6 Nf6 26. Rc1 Ne4 27. Rdc6
Nf6 28. Rc7 Qa8 29. Ne3 Nbd5 30. Nxd5 Qxd5 31. Qxa6 Ne4 32. Qc4 Qf5 33. f4 g5
34. Re1 Nd2 35. Qe2 Qd5 36. Rc3 Rd8 37. Kf2 Qd4+ 38. Re3 Ne4+ 39. Kg2 Nc3 40.
Qg4 Rd5 41. Re5 h6 42. Rxd5 Nxd5 43. Qf3 gxf4 44. gxf4 Qd2+ 45. Kf1 Nxf4 46.
Re4 Qc1+ 47. Kf2 Qd2+ 48. Kg3 Ng6 49. a4 Qa5 50. h4 h5 51. Kh3 Qa8 52. Re3 Qd8
53. Qg3 Qd5 54. Qf3 Qd7 55. Rd3 Qxd3 56. Qxd3 Nf4+ 57. Kg3 Nxd3 58. Kf3 f5 59.
Ke3 Nb4 60. Kd4 f4 0-1

[Event "GBR-ch 99th"]
[Site "North Shields"]
[Date "2012.07.23"]
[Round "1"]
[White "Jaunooby, Ali Reza"]
[Black "Walker, David"]
[Result "1-0"]
[WhiteElo "2165"]
[BlackElo "2276"]
[PlyCount "53"]
[EventDate "2012.07.23"]
[EventType "swiss"]
[EventRounds "11"]
[EventCountry "ENG"]
[Source "John Saunders"]
[SourceDate "2015.07.24"]

1. d4 d6 2. e4 g6 3. Be3 Bg7 4. Nc3 c6 5. Qd2 Nd7 6. O-O-O b5 7. e5 d5 8. Bd3
Nb6 9. h4 h5 10. b3 e6 11. f3 Nh6 12. Bg5 Qc7 13. Qf4 b4 14. Bf6 Bxf6 15. Qxf6
Rf8 16. Nce2 c5 17. dxc5 Qxc5 18. Nd4 Nf5 19. Bxf5 gxf5 20. Nge2 Nd7 21. Qg7
Ba6 22. Nf4 Qc3 23. Kb1 Qe3 24. Qg5 Qxe5 25. Nxh5 Rh8 26. Rhe1 Qd6 27. Nxf5 1-0

[Event "GBR-ch 99th"]
[Site "North Shields"]
[Date "2012.07.23"]
[Round "1"]
[White "Kolbus, Dietmar"]
[Black "Oswald, Graeme"]
[Result "1-0"]
[WhiteElo "2321"]
[BlackElo "2178"]
[PlyCount "117"]
[EventDate "2012.07.23"]
[EventType "swiss"]
[EventRounds "11"]
[EventCountry "ENG"]
[Source "John Saunders"]
[SourceDate "2015.07.24"]

1. c4 c5 2. Nf3 g6 3. d4 cxd4 4. Nxd4 Bg7 5. e4 Nc6 6. Be3 Nf6 7. Nc3 O-O 8.
Be2 d6 9. O-O Bd7 10. Qd2 Nxd4 11. Bxd4 Bc6 12. f3 a5 13. b3 Nd7 14. Be3 Nc5
15. Rab1 f5 16. exf5 gxf5 17. a3 a4 18. b4 Nb3 19. Qd3 f4 20. Bf2 Bd7 21. Bd1
Rc8 22. Nxa4 Nd4 23. Rc1 e5 24. Nb2 Qg5 25. Kh1 Rf6 26. Bxd4 exd4 27. Qd2 Rh6
28. g4 Re8 29. c5 d5 30. Ba4 Bxa4 31. Nxa4 Re3 32. Nb2 Qh4 33. Nd1 Rxa3 34. Qf2
Qh3 35. Qg2 Ra2 36. Rf2 Qxg2+ 37. Kxg2 Ra4 38. b5 Re6 39. c6 bxc6 40. Rxc6 Rxc6
41. bxc6 Rc4 42. Nb2 Rxc6 43. Nd3 Rc3 44. Rd2 Rc4 45. h4 h6 46. Nxf4 Bf6 47.
Kh3 Rc5 48. g5 hxg5 49. hxg5 Bg7 50. Kg4 Kf7 51. Kf5 Rc3 52. Nd3 Ke7 53. f4 Kd6
54. Kg6 Rc7 55. f5 Bf8 56. f6 Ra7 57. Kf5 Kc6 58. Rc2+ Kb5 59. g6 1-0

[Event "GBR-ch 99th"]
[Site "North Shields"]
[Date "2012.07.23"]
[Round "1"]
[White "Ledger, David"]
[Black "Gormally, Daniel"]
[Result "0-1"]
[WhiteElo "2246"]
[BlackElo "2505"]
[PlyCount "42"]
[EventDate "2012.07.23"]
[EventType "swiss"]
[EventRounds "11"]
[EventCountry "ENG"]
[Source "John Saunders"]
[SourceDate "2015.07.24"]

1. e4 d6 2. d4 Nf6 3. Nc3 g6 4. f4 Bg7 5. Nf3 O-O 6. Bd3 Na6 7. O-O c5 8. d5
Rb8 9. Qe1 Nb4 10. Rf2 Nxd3 11. cxd3 b5 12. Nd1 e6 13. dxe6 Bxe6 14. h3 Re8 15.
g4 c4 16. d4 Bd5 17. e5 dxe5 18. dxe5 Ne4 19. Re2 Nc5 20. Qg3 Bxf3 21. Qxf3
Qxd1+ 0-1

[Event "GBR-ch 99th"]
[Site "North Shields"]
[Date "2012.07.23"]
[Round "1"]
[White "Roe, Simon J"]
[Black "Sugden, John N"]
[Result "1-0"]
[WhiteElo "2275"]
[BlackElo "2142"]
[PlyCount "55"]
[EventDate "2012.07.23"]
[EventType "swiss"]
[EventRounds "11"]
[EventCountry "ENG"]
[Source "John Saunders"]
[SourceDate "2015.07.24"]

1. Nf3 c5 2. c4 Nc6 3. Nc3 g6 4. g3 Bg7 5. Bg2 e6 6. d4 cxd4 7. Nb5 e5 8. Nd6+
Ke7 9. Ng5 Nh6 10. Nge4 Nf5 11. c5 Nxd6 12. cxd6+ Ke8 13. O-O f5 14. Bg5 Qa5
15. f4 fxe4 16. Qb3 Qc5 17. fxe5 Nxe5 18. Bxe4 d3+ 19. Kh1 dxe2 20. Rfe1 Qxd6
21. Rxe2 Qb6 22. Qa4 a6 23. Rae1 Qb5 24. Qa3 Bf8 25. Bxg6+ hxg6 26. Rxe5+ Qxe5
27. Rxe5+ Kf7 28. Re7+ 1-0